[Event "KAZ-ch"]
[Site "Astana"]
[Date "2023.12.23"]
[Round "13"]
[White "Kazhgaleyev, Murtas"]
[Black "Utegaliev, Azamat"]
[Result "1/2-1/2"]
[WhiteElo "2490"]
[BlackElo "2416"]
[PlyCount "21"]
[EventDate "2023.12.13"]
[EventType "tourn"]
[EventRounds "13"]
[EventCountry "KAZ"]
[EventCategory "6"]
[SourceTitle "CB52_2023"]
[SourceDate "2023.12.27"]
[SourceVersion "1"]
[SourceVersionDate "2023.12.27"]
[SourceQuality "1"]

1. d4 d5 2. c4 c6 3. Nc3 Nf6 4. cxd5 cxd5 5. Bf4 Nc6 6. e3 e6 7. Bd3 Be7 8. h3 Bd7 9. Nf3 0-0 10. 0-0 Qa5 11. a3 1/2-1/2

[Event "KAZ-ch"]
[Site "Astana"]
[Date "2023.12.20"]
[Round "9"]
[White "Zhalmakhanov, Ramazan"]
[Black "Utegaliev, Azamat"]
[Result "1/2-1/2"]
[WhiteElo "2493"]
[BlackElo "2416"]
[PlyCount "53"]
[EventDate "2023.12.13"]
[EventType "tourn"]
[EventRounds "13"]
[EventCountry "KAZ"]
[EventCategory "6"]
[SourceTitle "CB52_2023"]
[SourceDate "2023.12.27"]
[SourceVersion "1"]
[SourceVersionDate "2023.12.27"]
[SourceQuality "1"]

1. e4 c6 2. d4 d5 3. exd5 cxd5 4. Bd3 Nf6 5. c3 Bg4 6. Qb3 Qc7 7. h3 Bh5 8. Ne2 Bxe2 9. Bf4 Qc8 10. Bxe2 Nc6 11. Nd2 e6 12. 0-0 g6 13. Nf3 Bg7 14. a4 0-0 15. a5 a6 16. Ne1 Nd7 17. Nd3 Ra7 18. Qa4 Re8 19. Rfd1 Qd8 20. g3 Ra8 21. h4 h5 22. Bf3 Kh7 23. Be3 Qc7 24. Bf4 Qd8 25. Be3 Qc7 26. Bf4 Qd8 27. Be3 1/2-1/2

[Event "Almaty Academy IM 6th"]
[Site "Almaty"]
[Date "2023.11.22"]
[Round "5"]
[White "Utegaliev, Azamat"]
[Black "Zverev, Lev"]
[Result "1-0"]
[WhiteElo "2421"]
[BlackElo "2361"]
[PlyCount "69"]
[EventDate "2023.11.19"]
[EventType "tourn"]
[EventRounds "9"]
[EventCountry "KAZ"]
[EventCategory "4"]
[SourceTitle "CB48_2023"]
[SourceDate "2023.11.29"]
[SourceVersion "1"]
[SourceVersionDate "2023.11.29"]
[SourceQuality "1"]

1. e4 e5 2. Bc4 Nf6 3. d3 Nc6 4. Nc3 Na5 5. Qf3 c6 6. Nge2 Nxc4 7. dxc4 d6 8. 0-0 Be6 9. b3 Be7 10. Ng3 Qd7 11. h3 0-0 12. Rd1 Rfd8 13. Bg5 h6 14. Be3 Ne8 15. Rd3 Kh7 16. Rad1 Qc7 17. a4 a5 18. Qh5 Bf8 19. f4 exf4 20. Bxf4 g6 21. Qf3 b6 22. Nce2 Bg7 23. Nd4 Bc8 24. Qf2 Bb7 25. Rf3 Rd7 26. Rf1 Ra7 27. Be3 Bc8 28. Ndf5 gxf5 29. Nxf5 Qd8 30. Bxb6 Rac7 31. Nxg7 Nxg7 32. Bxa5 Qe8 33. Qh4 Ra7 34. Rf6 h5 35. Bc3 1-0

[Event "Almaty Academy IM 6th"]
[Site "Almaty"]
[Date "2023.11.21"]
[Round "4"]
[White "Shonazarov, Orash"]
[Black "Utegaliev, Azamat"]
[Result "1-0"]
[WhiteElo "2276"]
[BlackElo "2421"]
[PlyCount "105"]
[EventDate "2023.11.19"]
[EventType "tourn"]
[EventRounds "9"]
[EventCountry "KAZ"]
[EventCategory "4"]
[SourceTitle "CB48_2023"]
[SourceDate "2023.11.29"]
[SourceVersion "1"]
[SourceVersionDate "2023.11.29"]
[SourceQuality "1"]

1. e4 c5 2. Nf3 e6 3. g3 Nc6 4. Bg2 Nf6 5. Qe2 d6 6. 0-0 Be7 7. c3 0-0 8. d4 d5 9. e5 Ne4 10. Nbd2 Nxd2 11. Bxd2 a5 12. Rfc1 b6 13. Bf4 Ba6 14. Qe3 a4 15. h4 Na5 16. Nd2 Qd7 17. Bf1 Bxf1 18. Nxf1 Qb5 19. Rab1 Rfc8 20. h5 Nc4 21. Qe2 Na3 22. Qxb5 Nxb5 23. Be3 Rc7 24. Nd2 Rac8 25. Nf3 f6 26. dxc5 Bxc5 27. Bxc5 Rxc5 28. Re1 f5 29. a3 h6 30. Rbd1 Kf7 31. Nd4 Nxd4 32. Rxd4 b5 33. Kf1 Rc4 34. Red1 g6 35. hxg6+ Kxg6 36. f4 h5 37. Kf2 h4 38. gxh4 Kh5 39. Rxc4 bxc4 40. Rg1 Rb8 41. Rb1 d4 42. cxd4 Kg4 43. d5 Kxf4 44. dxe6 c3 45. e7 cxb2 46. e6 Kg4 47. Ke3 f4+ 48. Ke4 f3 49. Rxb2 Rxb2 50. e8Q f2 51. Qf7 Kg3 52. Qf3+ Kh2 53. e7 1-0

[Event "Almaty Academy IM 6th"]
[Site "Almaty"]
[Date "2023.11.20"]
[Round "3"]
[White "Utegaliev, Azamat"]
[Black "Kairbekova, Amina"]
[Result "1/2-1/2"]
[WhiteElo "2421"]
[BlackElo "2228"]
[PlyCount "36"]
[EventDate "2023.11.19"]
[EventType "tourn"]
[EventRounds "9"]
[EventCountry "KAZ"]
[EventCategory "4"]
[SourceTitle "CB48_2023"]
[SourceDate "2023.11.29"]
[SourceVersion "1"]
[SourceVersionDate "2023.11.29"]
[SourceQuality "1"]

1. e4 c5 2. Nc3 Nc6 3. g3 g6 4. Bg2 Bg7 5. d3 d6 6. Be3 Rb8 7. Nge2 Nd4 8. 0-0 h5 9. h3 h4 10. g4 Bxg4 11. hxg4 h3 12. Bh1 h2+ 13. Kg2 e5 14. Ng3 Qh4 15. Bxd4 Nf6 16. Bxe5 Qh3+ 17. Kf3 Qxg4+ 18. Kg2 Qh3+ 1/2-1/2

[Event "Almaty Academy IM 5th"]
[Site "Almaty"]
[Date "2023.11.16"]
[Round "8"]
[White "Utegaliev, Azamat"]
[Black "Gabrielian, Artur"]
[Result "1-0"]
[WhiteElo "2421"]
[BlackElo "2452"]
[PlyCount "113"]
[EventDate "2023.11.10"]
[EventType "tourn"]
[EventRounds "9"]
[EventCountry "KAZ"]
[SourceTitle "CB47_2023"]
[SourceDate "2023.11.22"]
[SourceVersion "1"]
[SourceVersionDate "2023.11.22"]
[SourceQuality "1"]

1. d4 Nf6 2. Nf3 e6 3. c3 b6 4. Bg5 Bb7 5. Nbd2 Be7 6. e3 h6 7. Bh4 0-0 8. Bd3 d5 9. Bxf6 Bxf6 10. e4 dxe4 11. Bxe4 Bxe4 12. Nxe4 Nd7 13. Qd3 e5 14. 0-0-0 exd4 15. Nxf6+ Qxf6 16. Qxd4 Rfd8 17. Qxf6 Nxf6 18. Ne5 a5 19. f4 Kf8 20. Rhe1 g5 21. fxg5 hxg5 22. Rf1 Rxd1+ 23. Kxd1 Ke7 24. Nc6+ Ke6 25. Nd4+ Ke7 26. Re1+ Kf8 27. a4 Rd8 28. Kc2 Rd5 29. Nb5 Rf5 30. Re2 Nd5 31. Kb3 Nf4 32. Rf2 Rc5 33. Nd4 Ke8 34. Kc2 Ne6 35. Nxe6 fxe6 36. Kd3 Rd5+ 37. Ke3 Rc5 38. Rd2 Ke7 39. Kf3 c6 40. Kg4 Kf6 41. Kh5 b5 42. axb5 Rxb5 43. g4 a4 44. Kh6 Re5 45. Rf2+ Ke7 46. Kg6 c5 47. c4 Re4 48. Kxg5 Rxc4 49. h4 a3 50. bxa3 Ra4 51. h5 Rxa3 52. h6 Rh3 53. Kg6 e5 54. h7 e4 55. Rf5 e3 56. Rxc5 Kd6 57. Rc8 1-0

[Event "Aktobe Dvorkovich op"]
[Site "Aktobe"]
[Date "2023.06.23"]
[Round "5"]
[White "Abdyjapar, Asyl"]
[Black "Utegaliev, Azamat"]
[Result "1-0"]
[WhiteElo "2282"]
[BlackElo "2432"]
[PlyCount "129"]
[EventDate "2023.06.20"]
[EventType "swiss"]
[EventRounds "9"]
[EventCountry "KAZ"]
[SourceTitle "CBM 214 Extra"]
[Source "ChessBase"]
[SourceDate "2023.07.31"]
[SourceVersion "1"]
[SourceVersionDate "2023.07.31"]
[SourceQuality "1"]

1. d4 Nf6 2. c4 e6 3. Nf3 d5 4. Nc3 a6 5. a4 Bb4 6. e3 0-0 7. Bd3 c5 8. 0-0 Nc6 9. dxc5 Bxc5 10. Qe2 h6 11. Rd1 Qe7 12. b3 Na5 13. Bc2 dxc4 14. bxc4 Qc7 15. Bb2 Bd6 16. Rac1 Rd8 17. c5 Be7 18. Rxd8+ Qxd8 19. Ne4 Nxe4 20. Bxe4 Qe8 21. Bc2 Nc6 22. Qd3 g6 23. Qc3 e5 24. Be4 Bf6 25. Nd2 Be6 26. Nc4 Bxc4 27. Qxc4 Kg7 28. g3 Rd8 29. Bc3 Qe7 30. Rb1 Rc8 31. Rb6 Rc7 32. a5 Qd7 33. Kg2 Kf8 34. Qa4 Qc8 35. Qb3 Kg7 36. Bxc6 bxc6 37. Qc4 Qf5 38. Rxa6 e4 39. Bxf6+ Kxf6 40. Qd4+ Kg5 41. Qd8+ f6 42. Qd6 Qf3+ 43. Kg1 Kg4 44. Qe6+ Kh5 45. Qh3+ Kg5 46. Rb6 Qd1+ 47. Qf1 Qc2 48. a6 Qxc5 49. Rb1 Ra7 50. h4+ Kg4 51. Rc1 Qd5 52. Kg2 g5 53. hxg5 Kxg5 54. Qe2 Qb5 55. Qa2 Qd5 56. Qa4 Qb5 57. Qd4 Qxa6 58. Qxe4 f5 59. Qf4+ Kg6 60. Qd6+ Kf7 61. Rxc6 Qb7 62. Kh2 Qb2 63. Qg6+ Ke7 64. Re6+ Kd8 65. Qe8+ 1-0

[Event "Aktobe Dvorkovich op"]
[Site "Aktobe"]
[Date "2023.06.22"]
[Round "3"]
[White "Kovalev, Vladislav"]
[Black "Utegaliev, Azamat"]
[Result "1/2-1/2"]
[WhiteElo "2620"]
[BlackElo "2432"]
[PlyCount "223"]
[EventDate "2023.06.20"]
[EventType "swiss"]
[EventRounds "9"]
[EventCountry "KAZ"]
[SourceTitle "CBM 214 Extra"]
[Source "ChessBase"]
[SourceDate "2023.07.31"]
[SourceVersion "1"]
[SourceVersionDate "2023.07.31"]
[SourceQuality "1"]

1. e4 e5 2. Nf3 Nc6 3. Bb5 Nf6 4. 0-0 Nxe4 5. Re1 Nd6 6. Nxe5 Be7 7. Bf1 Nxe5 8. Rxe5 0-0 9. d4 Bf6 10. Re2 Re8 11. Bf4 Rxe2 12. Qxe2 Bxd4 13. c3 Bf6 14. Bxd6 cxd6 15. Nd2 b6 16. Qf3 Rb8 17. Ne4 Bb7 18. Nxf6+ Qxf6 19. Qxf6 gxf6 20. Rd1 d5 21. f3 h6 22. Rd4 Re8 23. Kf2 Bc6 24. g3 Kf8 25. Bd3 Re5 26. Rh4 Kg7 27. Be2 Re8 28. Bd1 Re5 29. a3 Re8 30. Be2 Re5 31. Bf1 Re8 32. Rb4 Kf8 33. Bg2 Re6 34. Bf1 Re8 35. Rd4 Re6 36. Rh4 Kg7 37. Rg4+ Kf8 38. Rd4 Re8 39. Rd2 Ke7 40. Re2+ Kf8 41. Rxe8+ Kxe8 42. Ke3 Ke7 43. Be2 Kd6 44. Kd4 Ba4 45. f4 Bb3 46. Bf3 Ke6 47. g4 Kd6 48. h3 Ke6 49. Bg2 Kd6 50. Bh1 Ke6 51. Bf3 Kd6 52. h4 Ke6 53. Be2 Kd6 54. h5 Ke7 55. Bf3 Ke6 56. Ke3 Ke7 57. Be2 Kf8 58. Kd2 Ke7 59. Bd3 Ba4 60. Bc2 Bb5 61. Ke3 Bf1 62. Bd1 Ke6 63. b3 Bb5 64. Bf3 Bc6 65. Kd4 d6 66. Bg2 Ke7 67. Bxd5 Bd7 68. Bf3 Be6 69. c4 a5 70. Bd1 Bc8 71. Be2 Be6 72. Bf3 Bc8 73. Be2 Be6 74. Ke3 Bc8 75. Kf3 Bb7+ 76. Kf2 Be4 77. Bd1 Kf8 78. Ke3 Bb7 79. Bc2 Bc8 80. Kf3 Be6 81. Be4 Bc8 82. Bd5 Bd7 83. Kg3 Kg7 84. Kh4 Be8 85. Kh3 Bd7 86. Kg3 Kf8 87. Be4 Be6 88. Bc6 Bc8 89. Bf3 Be6 90. Kf2 Ke7 91. Ke3 Bc8 92. Kd4 Be6 93. Kc3 Bd7 94. Bd1 Bc8 95. b4 axb4+ 96. Kxb4 Bd7 97. Bf3 Kf8 98. Be4 Ke7 99. Bf5 Bc6 100. Kc3 Bb7 101. Kd4 Ba6 102. Be4 Bc8 103. Bf3 Be6 104. Be2 Bc8 105. Kc3 Bd7 106. Bf3 Bc8 107. Kb4 Bd7 108. a4 Kf8 109. Bd5 Ke7 110. Bf3 Kf8 111. Be2 Ke7 112. Bf3 1/2-1/2

[Event "Asian Continental op 20th"]
[Site "Almaty"]
[Date "2023.06.11"]
[Round "9"]
[White "Utegaliev, Azamat"]
[Black "Puranik, Abhimanyu Sameer"]
[Result "1/2-1/2"]
[WhiteElo "2432"]
[BlackElo "2602"]
[PlyCount "86"]
[EventDate "2023.06.04"]
[EventType "swiss"]
[EventRounds "9"]
[EventCountry "KAZ"]
[SourceTitle "CBM 214 Extra"]
[Source "ChessBase"]
[SourceDate "2023.07.31"]
[SourceVersion "1"]
[SourceVersionDate "2023.07.31"]
[SourceQuality "1"]

1. c4 c5 2. g3 Nc6 3. Bg2 g6 4. Nc3 Bg7 5. Nf3 d6 6. 0-0 e5 7. a3 a5 8. d3 Nge7 9. Bd2 0-0 10. Rb1 h6 11. Ne1 Be6 12. Nd5 Rb8 13. Nxe7+ Nxe7 14. Qa4 b6 15. b4 axb4 16. axb4 Bg4 17. Nf3 Ra8 18. Qc2 Nc6 19. e3 Qd7 20. bxc5 bxc5 21. Rb6 Rab8 22. Rxb8 Rxb8 23. Rb1 Qa7 24. Rxb8+ Qxb8 25. Bc3 e4 26. Ne1 Nb4 27. Qb2 Bxc3 28. Qxc3 Nxd3 29. Nxd3 exd3 30. Qxd3 Qb2 31. h3 Be6 32. Bf1 Qa1 33. Kg2 Bc8 34. e4 Bb7 35. f3 Qb2+ 36. Be2 Kg7 37. h4 Qe5 38. Kf2 g5 39. hxg5 hxg5 40. Qe3 g4 41. f4 Qxe4 42. Qxe4 Bxe4 43. Bxg4 d5 1/2-1/2

[Event "Asian Continental blitz op 20th"]
[Site "Almaty"]
[Date "2023.06.03"]
[Round "5"]
[White "Isanzhulov, Arystan"]
[Black "Utegaliev, Azamat"]
[Result "1-0"]
[WhiteElo "2341"]
[BlackElo "2446"]
[PlyCount "103"]
[EventDate "2023.06.03"]
[EventType "swiss (blitz)"]
[EventRounds "9"]
[EventCountry "KAZ"]
[SourceTitle "CBM 214 Extra"]
[Source "ChessBase"]
[SourceDate "2023.07.31"]
[SourceVersion "1"]
[SourceVersionDate "2023.07.31"]
[SourceQuality "1"]

1. e4 c5 2. d4 cxd4 3. Qxd4 Nc6 4. Qd3 g6 5. Nf3 Bg7 6. Be2 Nf6 7. Nc3 0-0 8. 0-0 d6 9. Nd5 Nxd5 10. exd5 Bf5 11. Qd2 Ne5 12. Nd4 Bg4 13. f3 Bd7 14. b3 a6 15. Kh1 Rc8 16. Bb2 Be8 17. Rfe1 Nd7 18. a4 Nf6 19. Bc4 Bd7 20. a5 Rc5 21. Qb4 Bc8 22. Qb6 Nxd5 23. Qxd8 Rxd8 24. Rad1 Rxa5 25. c3 Nb6 26. Rxe7 Nxc4 27. bxc4 Re5 28. Rc7 Rc5 29. Nb5 Rxc7 30. Nxc7 Be6 31. c5 d5 32. Kg1 Be5 33. Nxe6 fxe6 34. Re1 Bf6 35. Rxe6 Kf7 36. Rb6 Rd7 37. Kf1 Rc7 38. c6 bxc6 39. Rxa6 Rb7 40. Ba3 Rb3 41. Bc5 Rxc3 42. Bf2 c5 43. Rc6 c4 44. Rxf6+ Ke7 45. Bc5+ Kd7 46. Rd6+ Kc7 47. Rxd5 Kc6 48. Re5 Rc1+ 49. Kf2 Rc2+ 50. Kg3 c3 51. Bd4 Rc1 52. Rc5+ 1-0

[Event "Asian Continental blitz op 20th"]
[Site "Almaty"]
[Date "2023.06.03"]
[Round "8"]
[White "Pranav, V."]
[Black "Utegaliev, Azamat"]
[Result "1-0"]
[WhiteElo "2597"]
[BlackElo "2446"]
[PlyCount "207"]
[EventDate "2023.06.03"]
[EventType "swiss (blitz)"]
[EventRounds "9"]
[EventCountry "KAZ"]
[SourceTitle "CBM 214 Extra"]
[Source "ChessBase"]
[SourceDate "2023.07.31"]
[SourceVersion "1"]
[SourceVersionDate "2023.07.31"]
[SourceQuality "1"]

1. e4 c5 2. Nf3 e6 3. d4 cxd4 4. Nxd4 a6 5. Nc3 Qc7 6. Be2 Nf6 7. 0-0 Nc6 8. Be3 Bb4 9. Na4 Nxe4 10. c4 Be7 11. c5 0-0 12. Rc1 Nf6 13. Bf3 Rd8 14. Qe2 Qe5 15. Rfd1 h6 16. Qc4 g5 17. g3 Rb8 18. Nb6 Nxd4 19. Bxd4 Qf5 20. Qe2 d6 21. cxd6 Bxd6 22. Bxf6 Qxf6 23. Rxc8 Rbxc8 24. Nxc8 Bc5 25. Rxd8+ Qxd8 26. Bxb7 a5 27. Kg2 Qd4 28. h3 a4 29. b3 a3 30. Bf3 Kg7 31. Qc2 Kf6 32. Kf1 Ke5 33. b4 Qxb4 34. Kg2 Qd4 35. Qe2+ Kf6 36. Qc2 Ke5 37. Qe2+ Kf6 38. Qe1 Qb2 39. Bc6 Qd4 40. Qe2 Kg7 41. Qf3 Qb2 42. Ba4 Bd4 43. Bb3 Bc5 44. h4 Qd4 45. hxg5 hxg5 46. Qe2 Kf6 47. Kf1 Qa1+ 48. Kg2 Qd4 49. Qc2 Kg7 50. Bc4 Kf6 51. Bd3 Kg7 52. Be4 Kf6 53. Bf3 Kg7 54. Kh3 Kf6 55. Bb7 Qxf2 56. Qxf2+ Bxf2 57. Nd6 Ke7 58. Ne4 Be3 59. Ba6 f5 60. Nc3 Bc5 61. Bc4 Kf6 62. Kg2 g4 63. Be2 Bb4 64. Nb5 Ke5 65. Bc4 Kf6 66. Nc7 Bd6 67. Nxe6 Be5 68. Nc5 Bd6 69. Nd3 Kg5 70. Ba6 Bc7 71. Bc8 Bd6 72. Bd7 Bc7 73. Nc5 Bd6 74. Ne6+ Kf6 75. Nd4 f4 76. gxf4 Bxf4 77. Bxg4 Ke5 78. Nb5 Bc1 79. Bf3 Kf4 80. Kf2 Bb2 81. Ke2 Bc1 82. Bh1 Ke5 83. Kd3 Bb2 84. Kc4 Bc1 85. Kb3 Ke6 86. Nxa3 Kd6 87. Kb4 Bd2+ 88. Kb5 Kc7 89. Nc2 Bc3 90. a4 Bd2 91. Nb4 Kb8 92. a5 Be3 93. Nd5 Bf2 94. Be4 Ka7 95. Bd3 Kb8 96. Kc6 Ka7 97. a6 Kb8 98. Ne7 Ka7 99. Kc7 Bg3+ 100. Kc8 Bf2 101. Nc6+ Ka8 102. Bf5 Be3 103. Kd7 Bb6 104. Ke8 1-0

[Event "Asian Continental blitz op 20th"]
[Site "Almaty"]
[Date "2023.06.03"]
[Round "4"]
[White "Utegaliev, Azamat"]
[Black "Makhnev, Denis"]
[Result "1-0"]
[WhiteElo "2446"]
[BlackElo "2483"]
[PlyCount "57"]
[EventDate "2023.06.03"]
[EventType "swiss (blitz)"]
[EventRounds "9"]
[EventCountry "KAZ"]
[SourceTitle "CBM 214 Extra"]
[Source "ChessBase"]
[SourceDate "2023.07.31"]
[SourceVersion "1"]
[SourceVersionDate "2023.07.31"]
[SourceQuality "1"]

1. e4 e5 2. Bc4 Nf6 3. d3 c6 4. Nf3 d5 5. Bb3 Bb4+ 6. Bd2 Bxd2+ 7. Nbxd2 0-0 8. 0-0 Nbd7 9. Re1 Re8 10. d4 exd4 11. exd5 Rxe1+ 12. Qxe1 c5 13. d6 Nb6 14. Ng5 Qxd6 15. Nde4 Qf8 16. Bxf7+ Kh8 17. Nxf6 gxf6 18. Qe4 Bf5 19. Qxf5 fxg5 20. Re1 Qg7 21. Re7 Rf8 22. Qxc5 Qf6 23. Re8 Rxe8 24. Bxe8 Kg7 25. Bb5 Kh6 26. Bd3 Qf4 27. g3 Qf6 28. Qc7 Qc6 29. Qxh7# 1-0

[Event "Kazakhstan Cup"]
[Site "Astana"]
[Date "2023.04.29"]
[Round "8"]
[White "Utegaliev, Azamat"]
[Black "Kassimov, Baurzhan"]
[Result "1/2-1/2"]
[WhiteElo "2446"]
[BlackElo "2285"]
[PlyCount "84"]
[EventDate "2023.04.23"]
[EventType "swiss"]
[EventRounds "9"]
[EventCountry "KAZ"]
[SourceTitle "CBM 213 Extra"]
[Source "ChessBase"]
[SourceDate "2023.05.31"]
[SourceVersion "1"]
[SourceVersionDate "2023.05.31"]
[SourceQuality "1"]

1. e4 e5 2. Nf3 Nc6 3. Bb5 Nf6 4. d3 d6 5. 0-0 Bd7 6. c4 g6 7. Nc3 Bg7 8. h3 0-0 9. Be3 h6 10. Rc1 a6 11. Ba4 Be6 12. c5 d5 13. Bxc6 bxc6 14. Nxe5 dxe4 15. dxe4 Qxd1 16. Rfxd1 Nxe4 17. Nxc6 Nxc3 18. bxc3 Bxa2 19. Rd7 a5 20. Rxc7 a4 21. Bd4 Bc4 22. Ra1 a3 23. Rd7 Rfe8 24. Nb4 a2 25. c6 Rec8 26. f3 Kh7 27. Bxg7 Kxg7 28. Rd4 Bb3 29. Kf2 Re8 30. Rd2 Re5 31. Re2 Rc5 32. Re3 Be6 33. Ke1 Rd8 34. Nc2 Rb5 35. Nb4 Rd6 36. Re2 Rc5 37. Rd2 Re5+ 38. Re2 Rg5 39. h4 Rc5 40. Rd2 Re5+ 41. Re2 Rc5 42. Rd2 Re5+ 1/2-1/2

[Event "Sharjah Blitz"]
[Site "Sharjah"]
[Date "2023.03.28"]
[Round "4"]
[White "Ammar, Sedrani"]
[Black "Utegaliev, Azamat"]
[Result "0-1"]
[WhiteElo "2197"]
[BlackElo "2446"]
[PlyCount "92"]
[EventDate "2023.03.28"]
[EventType "swiss (blitz)"]
[EventRounds "9"]
[EventCountry "UAE"]
[SourceTitle "CBM 213 Extra"]
[Source "ChessBase"]
[SourceDate "2023.05.31"]
[SourceVersion "1"]
[SourceVersionDate "2023.05.31"]
[SourceQuality "1"]

1. d4 d5 2. Nf3 Nf6 3. Bf4 c6 4. e3 Qb6 5. Nbd2 Qxb2 6. Bd3 Qb6 7. 0-0 g6 8. c4 Bg7 9. Rb1 Qd8 10. Qc2 0-0 11. h3 b6 12. cxd5 Nxd5 13. Bxb8 Rxb8 14. Qxc6 Bb7 15. Qc2 Rc8 16. Qb3 Rc3 17. Qb2 Rxd3 18. Rfc1 Nxe3 19. fxe3 Rxe3 20. Re1 Rxf3 21. Nxf3 Bxf3 22. Qa3 Bd5 23. Qxe7 Bxd4+ 24. Kh1 Qxe7 25. Rxe7 Bxa2 26. Rd1 Bc5 27. Rxa7 Be6 28. Rc7 h5 29. Re1 Rd8 30. Ra7 Rd2 31. Raa1 Bd5 32. Rad1 Bxg2+ 33. Kh2 Rxd1 34. Rxd1 Be4 35. Re1 Bd6+ 36. Kg1 f5 37. Rd1 Bc5+ 38. Kh2 h4 39. Rd7 Bb4 40. Kg1 g5 41. Kf2 Bc5+ 42. Ke2 g4 43. hxg4 h3 44. Rd8+ Kg7 45. Rd7+ Kh6 46. g5+ Kg6 0-1

[Event "Sharjah Blitz"]
[Site "Sharjah"]
[Date "2023.03.28"]
[Round "5"]
[White "Utegaliev, Azamat"]
[Black "Amin, Bassem"]
[Result "0-1"]
[WhiteElo "2446"]
[BlackElo "2691"]
[PlyCount "140"]
[EventDate "2023.03.28"]
[EventType "swiss (blitz)"]
[EventRounds "9"]
[EventCountry "UAE"]
[SourceTitle "CBM 213 Extra"]
[Source "ChessBase"]
[SourceDate "2023.05.31"]
[SourceVersion "1"]
[SourceVersionDate "2023.05.31"]
[SourceQuality "1"]

1. e4 e5 2. Bc4 Nc6 3. d3 Bc5 4. Nc3 d6 5. h3 Na5 6. Qf3 Nxc4 7. dxc4 Be6 8. b3 c6 9. Nge2 Ne7 10. Be3 Ba3 11. Rd1 Qa5 12. 0-0 0-0 13. Nb1 Bc5 14. a3 Bxe3 15. Qxe3 Rad8 16. f4 exf4 17. Nxf4 a6 18. a4 Qe5 19. Nd3 Qh5 20. Nc3 Ng6 21. Rd2 Rfe8 22. Qd4 Qg5 23. Nf2 Nf4 24. Ng4 Bxg4 25. hxg4 Qxg4 26. Qe3 Ng6 27. Rfd1 h5 28. c5 Nf4 29. cxd6 Rxd6 30. Qf3 Qxf3 31. gxf3 Rxd2 32. Rxd2 Ne6 33. Rd7 Nc5 34. Rc7 a5 35. Kf2 g5 36. Ne2 Kf8 37. Ng3 h4 38. Nf5 Rd8 39. Ke3 h3 40. Kf2 h2 41. Kg2 Rd2+ 42. Kh1 Ke8 43. Re7+ Kd8 44. Rxf7 g4 45. Ng3 gxf3 46. Rxf3 Rxc2 47. e5 Ke7 48. Nf5+ Kd7 49. Nd4 Rd2 50. Rf7+ Ke8 51. Rf4 Nd3 52. Rh4 Nf2+ 53. Kxh2 Ne4+ 54. Kh3 Rxd4 55. Rh8+ Kd7 56. Rh7+ Kc8 57. Rg7 Nc5 58. Kg3 Re4 59. Rg5 Re3+ 60. Kg4 Rxb3 61. Rg7 Re3 62. Kf5 Rf3+ 63. Kg4 Rf8 64. Rh7 Kb8 65. Kg5 Ka7 66. Rh4 Kb6 67. Kg6 Rf1 68. Rc4 Nd7 69. Re4 Nxe5+ 70. Rxe5 Rf4 0-1

[Event "Central Asia Cup"]
[Site "Tashkent"]
[Date "2023.01.22"]
[Round "7"]
[White "Nigmatov, Ortik"]
[Black "Utegaliev, Azamat"]
[Result "1/2-1/2"]
[WhiteElo "2450"]
[BlackElo "2433"]
[PlyCount "139"]
[EventDate "2023.01.18"]
[EventType "swiss"]
[EventRounds "9"]
[EventCountry "UZB"]
[SourceTitle "CBM 212 Extra"]
[Source "ChessBase"]
[SourceDate "2023.03.31"]
[SourceVersion "1"]
[SourceVersionDate "2023.03.31"]
[SourceQuality "1"]

1. e4 c5 2. Nf3 Nc6 3. d4 cxd4 4. Nxd4 Qb6 5. Nb3 e6 6. Be3 Qc7 7. Nc3 a6 8. f4 b5 9. Bd3 d6 10. Qf3 Nf6 11. 0-0 Bb7 12. Qg3 g6 13. Rae1 Bg7 14. f5 0-0 15. Bg5 b4 16. Ne2 exf5 17. exf5 Ne5 18. Ned4 Rae8 19. Qh4 Nxd3 20. cxd3 Rxe1 21. Rxe1 Re8 22. Rf1 Nd7 23. f6 Bh8 24. Qg3 Qb6 25. Kh1 h5 26. h3 Kh7 27. Qf4 Ne5 28. Rd1 a5 29. Nc1 Ba6 30. Bh4 Rc8 31. Bf2 Qd8 32. Bh4 Qb6 33. Bf2 Qb7 34. Bh4 a4 35. Qe3 Qd5 36. Nde2 Nc4 37. Qe7 Nxb2 38. Nf4 Qb7 39. Re1 Qxe7 40. fxe7 Bb5 41. Nd5 b3 42. axb3 a3 43. Bf6 Bg7 44. d4 Bc6 45. Bxg7 Kxg7 46. Nb4 Be8 47. d5 Rc5 48. Nca2 f5 49. Re6 Kf7 50. Rxd6 Kxe7 51. Re6+ Kd8 52. Ra6 Nd1 53. Rxa3 Ne3 54. Ra6 f4 55. h4 Kd7 56. Ra7+ Kd6 57. Ra6+ Kd7 58. Nd3 Rxd5 59. Nxf4 Rd4 60. Ra4 Rxa4 61. bxa4 Nf5 62. Nb4 Nxh4 63. a5 Kc7 64. Ne6+ Kb7 65. Nd4 Bd7 66. g3 Nf5 67. Nxf5 Bxf5 68. Kg2 g5 69. Kf3 Bg4+ 70. Ke4 1/2-1/2

[Event "Central Asia Cup"]
[Site "Tashkent"]
[Date "2023.01.20"]
[Round "4"]
[White "Saydaliev, Saidakbar"]
[Black "Utegaliev, Azamat"]
[Result "1/2-1/2"]
[WhiteElo "2421"]
[BlackElo "2433"]
[PlyCount "116"]
[EventDate "2023.01.18"]
[EventType "swiss"]
[EventRounds "9"]
[EventCountry "UZB"]
[SourceTitle "CBM 212 Extra"]
[Source "ChessBase"]
[SourceDate "2023.03.31"]
[SourceVersion "1"]
[SourceVersionDate "2023.03.31"]
[SourceQuality "1"]

1. e4 c5 2. Nf3 e6 3. d4 cxd4 4. Nxd4 a6 5. c4 Nf6 6. Nc3 Qc7 7. a3 b6 8. Be3 Bb7 9. f3 Nc6 10. Be2 Rb8 11. Rc1 Nxd4 12. Qxd4 Bc5 13. Qd2 Bxe3 14. Qxe3 d6 15. 0-0 Qc5 16. Qf2 Ke7 17. Rfd1 Qxf2+ 18. Kxf2 g5 19. Rd2 Bc6 20. Rcd1 Rhd8 21. Ke3 h6 22. b4 Ne8 23. Rb1 b5 24. Rc2 Bd7 25. Nd1 bxc4 26. Bxc4 Rdc8 27. Rc3 Nc7 28. Bd3 Kd8 29. Kd2 Nb5 30. Rxc8+ Rxc8 31. Ne3 Rb8 32. Ng4 h5 33. Nf6 h4 34. a4 Nc7 35. Nxd7 Kxd7 36. b5 axb5 37. axb5 Na8 38. Ra1 Nc7 39. Ra7 Ra8 40. b6 Rxa7 41. bxa7 Kc6 42. e5 d5 43. Kc3 Kb7 44. Kb4 Kxa7 45. Kc5 Na6+ 46. Kd6 d4 47. Ke7 Nb4 48. Bf1 h3 49. gxh3 d3 50. Kxf7 d2 51. Be2 Nd5 52. Bd1 Nf4 53. Kf6 Kb6 54. Kxg5 Nxh3+ 55. Kf6 Nf4 56. Kg5 Nh3+ 57. Kf6 Nf4 58. Kg5 Nh3+ 1/2-1/2

[Event "Wch Blitz"]
[Site "Almaty"]
[Date "2022.12.30"]
[Round "18"]
[White "Kazakov, Konstantin"]
[Black "Utegaliev, Azamat"]
[Result "1/2-1/2"]
[WhiteElo "2379"]
[BlackElo "2405"]
[PlyCount "146"]
[EventDate "2022.12.29"]
[EventType "swiss (blitz)"]
[EventRounds "21"]
[EventCountry "KAZ"]
[SourceTitle "CBM 212"]
[Source "ChessBase"]
[SourceDate "2023.02.28"]
[SourceVersion "1"]
[SourceVersionDate "2023.02.28"]
[SourceQuality "1"]

1. d4 Nf6 2. Nc3 d5 3. Bf4 c6 4. e3 Qb6 5. Rb1 g6 6. h3 Bg7 7. Nf3 0-0 8. Be2 Nbd7 9. 0-0 a5 10. a3 a4 11. Bh2 Qa5 12. Re1 Re8 13. Bd3 e6 14. e4 dxe4 15. Nxe4 Nxe4 16. Bxe4 Nf6 17. Bd3 Nd7 18. c3 b6 19. Nd2 Ba6 20. Nc4 Bxc4 21. Bxc4 b5 22. Bf1 Nb6 23. Qf3 Nd5 24. h4 Qd8 25. h5 Qg5 26. hxg6 hxg6 27. Re4 Rac8 28. Rbe1 Qf6 29. Qh3 Qf5 30. Qg3 Qf6 31. Rh4 Ne7 32. Rf4 Nf5 33. Qh3 Qe7 34. Bd3 Qd7 35. Rfe4 c5 36. dxc5 Rxc5 37. Qf3 Rd8 38. Bf1 Rd5 39. Rb4 Bf8 40. Rbe4 Rd2 41. R4e2 Rxe2 42. Qxe2 Qd2 43. Rb1 Bc5 44. g4 Nh4 45. Bg3 g5 46. Qxd2 Rxd2 47. Bxb5 f5 48. gxf5 Nxf5 49. Kg2 g4 50. Bxa4 Bxf2 51. Bxf2 g3 52. Bb5 Rxf2+ 53. Kh3 Rh2+ 54. Kg4 g2 55. Rg1 Rh1 56. Rxg2 Ne3+ 57. Kf3+ Nxg2 58. Kxg2 Rc1 59. Bd3 Rd1 60. Bc4 Rd2+ 61. Kf3 Kf7 62. b3 Rc2 63. Ke3 Rxc3+ 64. Kd4 Rc1 65. a4 Ke7 66. Kc5 e5 67. a5 e4 68. Kd4 Ra1 69. a6 Kd6 70. Kxe4 Kc5 71. Ke5 Kb4 72. Kd6 Rxa6+ 73. Bxa6 Kxb3 1/2-1/2